| 000 | 00800nam a2200229 i 4500 | ||
|---|---|---|---|
| 001 | 33098 | ||
| 003 | ES-MaACL | ||
| 005 | 20230906154708.0 | ||
| 007 | t| | ||
| 008 | 030201s1980 sp ||||1| spa d | ||
| 100 | 1 |
_aGonzalo de Berceo. _9149511 |
|
| 245 | 1 | 0 |
_aSignos que aparecen antes del Juicio Final _b: ; Duelo de la Virgen ; Martirio de San Lorenzo / _cGonzalo de Berceo ; edición, introducción y notas de Arturo M. Ramoneda. |
| 260 |
_aMadrid : _bCastalia, _c[1980] |
||
| 300 |
_a308 p., 1 lám. : _bil. ; _c18 cm. |
||
| 490 | 1 |
_aClásicos Castalia ; _v96 |
|
| 700 | 1 |
_aRamoneda, Arturo. _995235 |
|
| 740 | 0 | _aDuelo de la Virgen. | |
| 740 | 0 | _aMartirio de San Lorenzo. | |
| 830 | 0 |
_aClásicos Castalia ; _v96 _9178595 |
|
| 852 |
_aES-MaACL _jL-5998 _bR.101069 |
||
| 999 |
_c33098 _d33098 |
||